000 00583cam a2200205 4500
003 OSt
005 20171104103412.0
008 731026s1973 enk 001 0 eng
020 _a042116770X
_a0421167807Y
040 _aDLC
_cDLC
_dDLC
082 0 0 _a343.0360264
_222
_bEAS
100 1 _aEasson, A. J.
_9550
245 1 0 _aCases and Materials in Revenue Law /
_cby A. J. Easson.
260 _aLondon :
_bSweet and Maxwell,
_c1973.
300 _axxx, 544 p.
_c26 cm.
350 _a£7.00
500 _aIncludes index.
650 0 _aTaxation
_zGreat Britain
_xCases.
_9551
942 _2ddc
_cBK
999 _c184
_d184